00427nam a2200145Ia 4500008004100000041000900041082001700050100002400067245002800091260003500119300000800154650000800162999001700170952009400187230718s9999 xx 000 0 und d aEng. a346.5bOVE-D aoved ward, wayne A. 0aDinearly of Statistical aPakistanbNew York Pressc1898 a749 aLaw c26230d26230 00104070aSIRC-LbSIRC-Ld2023-07-18l0o346.5 OVE-Dp21182r2023-07-18w2023-07-18yBK